| 000 | 00588nam a2200253Ia 4500 | ||
|---|---|---|---|
| 008 | 210210b2010 xxu||||| |||| 00| 0 eng d | ||
| 020 | _a9788127257989 | ||
| 041 | _aeng | ||
| 082 | _a657.046 JAIP | ||
| 100 | _aJAIN (S P) | ||
| 245 | _aPractical problems in advanced accountancy V1 | ||
| 260 |
_aLudhiana _bKalyani Publishers _c2010 |
||
| 300 | _a774 | ||
| 440 | _a1 | ||
| 650 | _aV1 | ||
| 650 | _aproblems | ||
| 650 | _aPractical | ||
| 650 | _ain | ||
| 650 | _aadvanced | ||
| 650 | _aaccountancy | ||
| 690 | _aAccountancy | ||
| 700 | _aNARANG (K L) | ||
| 906 | _a066588 | ||
| 999 |
_c148083 _d148083 |
||